000 00290nam a2200109Ia 4500
008 200302s9999 xx 000 0 und d
100 _aCharanjit S. Shah
245 _aArchtectural Handbooks Series Bathrooms
260 _bC B S Publishers & Distributors
260 _c2002
300 _a115 P.,
999 _c1812
_d1812